Intercultural communication in contexts

में बचाया:
ग्रंथसूची विवरण
मुख्य लेखक:  Howard, Brian Clark
स्वरूप: Sách
भाषा:Undetermined
प्रकाशित:  McGraw-Hill  2011
विषय:
टैग : टैग जोड़ें
कोई टैग नहीं, इस रिकॉर्ड को टैग करने वाले पहले व्यक्ति बनें!
Thư viện lưu trữ: Trung tâm Thư viện - Trường Đại học Công nghiệp TP. Hồ Chí Minh
LEADER 00499nam a2200157Ia 4500
001 UIH_05272
008 231011s9999 xx 000 0 und d
082 |a  644.3 
100 |a  Howard, Brian Clark 
245 0 |a  Intercultural communication in contexts 
245 0 |c  Howard, Brian Clark 
260 |b  McGraw-Hill 
260 |c  2011 
650 |a  Đèn điện; Đèn màu;  
927 |a Sách 
980 |a Trung tâm Thư viện - Trường Đại học Công nghiệp TP. Hồ Chí Minh